| 000 | 01077nam a2200277 i 4500 | ||
|---|---|---|---|
| 001 | 10600 | ||
| 003 | ES-MaACL | ||
| 005 | 20260301184725.0 | ||
| 007 | t| | ||
| 008 | 880110m19861994sp ||||0| spa j | ||
| 016 | 7 |
_zSAB9000037833 _zBNE19921064584 _zIBH8705210678 |
|
| 020 | _a84-398-6681-X | ||
| 040 |
_aM-BN-DP _bspa _cM-BN-DP |
||
| 080 | _a081 Comín, Alfonso | ||
| 100 | 1 |
_aComín, Alfonso C. _940007 |
|
| 245 | 1 | 0 |
_aObras / _cAlfonso Comín ; prólogo de Josep Maria Rovira Belloso ; [edición preparada por María Comín i Oliveres]. |
| 250 | _a[1ª ed.]. | ||
| 260 |
_aBarcelona : _bFundació Alfons Comín, _c1986-1994. |
||
| 300 |
_a7 v. ; _c19 cm. |
||
| 505 | 8 | _a1. 1966-1974 -- 2. 1974-1977 -- 3. 1977-1979 -- 4. España del sur -- 5. Escritos -- 6. Inéditos, intervenciones y escritos breves -- 7. Inéditos, cartas, poemas. | |
| 700 | 1 |
_aComín i Oliveres, María. _940012 |
|
| 710 | 0 |
_aFundació Alfons Comín _94199 |
|
| 852 |
_aES-MaACL _jL-17990-6 _bR.124369 |
||
| 852 |
_aES-MaACL _jP-577 _bR.112675 _q. - (2 vol.) |
||
| 999 |
_c10600 _d10600 |
||